1122 1175 1241 1058 1152 1754 1324 1397 1304 1983 1156 1177 1417 1810 1367 1026 1180 1544 1765 1051 1025 1841 1514 1216 1849 1184 1410 1719 1076 1939 1372 1933 1166 1973 1080 1850 1831 1456 1929 1161 1871 1783 1708 1107 1030 1227 1011 1955 1638 1109 1953 1824 1650 1126 1951 1355 1634 1102 1640 1125 1256 1073 1513 1445 1956 1869 1514 1690 1972 1742 1105 1744 1235 1080 1055 1546 1559 1579 1648 1223 1578 1511 1783 1255 1018 1676 1093 1862 1265 1204 1148 1632 1370 1780 1234 1622 1093 1904 1334 BCNSPRNW ULIB Ver.6.0+V

เปลี่ยนเป็นภาษาไทย

Change to English
 แสดงรายละเอียดบรรณานุกรม
  กลับหน้าหลัก

Brief Record : Get Marc (ISO 2709) : E-mail record : QR code < ปิดหน้าต่าง
LEADER : 00000nam 2200000uu 4500
001    13399126203
003     ULIB
008    180725s2017||||th 000 0 tha d
020    ^a9780323392457
060    ^aWY159^bN974
245    ^aNursing Key Topics Review:Pediatrics.
260    ^aLouis, Missouri :^bElsevier Limited,^c2017
300    ^a455 pages;^b26 cm
650    ^aNursing^xPediatrics
945    ^p0^l0^i26420
999    ^aกัณชพร จุลอักษร
รายการนี้ยังไม่มีแท็ก
คุณยังไม่ได้ล็อกอิน คุณสามารถมีกิจกรรมร่วมกับเว็บไซต์ได้ แต่ต้องล็อกอินก่อน ::
  ล็อกอิน

รายการสื่อสารสนเทศ

ลำดับที่ ประเภท เลขเรียก/บาร์โค้ด สถานที่ สถานะ
1. วิทยาศาสตร์การแพทย์ และสุขภาพ
วิทยาศาสตร์การแพทย์ และสุขภาพ
WY159 N974 ฉ.1 
  Barcode: 26420
ห้องสมุดวิทยาเขตนครสวรรค์
►หนังสือทั่วไป:l:General Books
บนชั้น

รายการใกล้เคียง
    ชื่อเรื่อง [Nursing Key Topics Review:Pediatrics.]

BibComment


ยังไม่เคยถูกคอมเมนท์

คอมเมนท์ทรัพยากรรายการนี้
  คอมเมนท์: Nursing Key Topi..


 Copyright 2026. Bcnsprnw @Library